000 00477nam a2200181Ia 4500
001 72089
008 160401s9999 xx 000 0 und d
020 _a9781846044151
040 _cPK-LaUMT
082 _a 212.6
_bCHO-F
100 _aChopra, Deepak
245 4 _aThe future of God
_ba practical approach to spirituality for our times
_cChopra, Deepak
260 _aLondon,UK:
_bRider,
_c2014
300 _a256 p.
546 _aEN
650 _aSpiritual life
942 _cBK
999 _c85076
_d85076